| 000 | 00000nam 2200000za 4500 |
| 001 | 9.820933 |
| 003 | CaOODSP |
| 005 | 20221107143334 |
| 007 | cr ||||||||||| |
| 008 | 160713s2016 quc ob f000 0 fre d |
| 020 | |z978-0-660-03471-3 |
| 040 | |aCaOODSP|bfre |
| 043 | |an-cn--- |
| 086 | 1 |aEn14-236/2015F-PDF|zEn14-236/2015F-EPUB |
| 245 | 00|aRapport d'évaluation préalable sur 2-(2H-Benzotriazol-2-yl)-4,6-di-tert-pentylphénol (BDTP) |h[ressource électronique] : |bnuméro de registre du Chemical Abstracts Service 25973-55-1. |
| 260 | |a[Gatineau, QC] : |bEnvironnement et Changement climatique Canada : |bSanté Canada, |cc2016. |
| 300 | |a97 p. |
| 500 | |aPubl. aussi en anglais sous le titre : Screening assessment report on phenol, 2-(2H-benzotriazol-2-yl)-4,6-bis(1,1-dimethylpropyl)- (BDTP): Chemical Abstracts Service Registry Number 25973-55-1. |
| 500 | |aLe n° de catalogue (En14-236/2015F-EPUB) et l’ISBN (978-0-660-03471-3) copiés dans cette édition PDF sont incorrects. |
| 500 | |a« Mai 2016. » |
| 504 | |aComprend des réf. bibliogr. |
| 692 | 07|2gccst|aProduit chimique |
| 692 | 07|2gccst|aToxicologie |
| 710 | 1 |aCanada. |bSanté Canada. |
| 710 | 1 |aCanada. |bEnvironnement et changement climatique Canada. |
| 775 | 08|tScreening assessment report on phenol, 2-(2H-benzotriazol-2-yl)-4,6-bis(1,1-dimethylpropyl)- (BDTP) |w(CaOODSP)9.820931 |
| 856 | 40|qPDF|s784 Ko|uhttps://publications.gc.ca/collections/collection_2016/eccc/En14-236-2015-fra.pdf |